<?xml version="1.0" encoding="UTF-8"?>
<record
    xmlns:xsi="http://www.w3.org/2001/XMLSchema-instance"
    xsi:schemaLocation="http://www.loc.gov/MARC21/slim http://www.loc.gov/standards/marcxml/schema/MARC21slim.xsd"
    xmlns="http://www.loc.gov/MARC21/slim">

  <leader>01270nam a2200229   4500</leader>
  <controlfield tag="003">CO-ViMGA</controlfield>
  <datafield tag="020" ind1=" " ind2=" ">
    <subfield code="a">9789588948362</subfield>
  </datafield>
  <datafield tag="040" ind1=" " ind2=" ">
    <subfield code="a">CO-ViMGA</subfield>
    <subfield code="b">spa</subfield>
    <subfield code="c">CO-ViMGA</subfield>
  </datafield>
  <datafield tag="082" ind1="0" ind2="4">
    <subfield code="a">823 </subfield>
    <subfield code="b">D13b</subfield>
  </datafield>
  <datafield tag="100" ind1="1" ind2=" ">
    <subfield code="a">Dahl, Roald </subfield>
    <subfield code="d">1916-1990</subfield>
    <subfield code="9">1127</subfield>
  </datafield>
  <datafield tag="245" ind1="1" ind2="0">
    <subfield code="a">El buen amigo gigante :</subfield>
    <subfield code="b">(el gran gigante bonach&#xF3;n) /</subfield>
    <subfield code="c">Roald Dahl ; ilustraciones de Quentin Blake ; traducci&#xF3;n de Pedro Barbadillo</subfield>
  </datafield>
  <datafield tag="260" ind1=" " ind2=" ">
    <subfield code="a">Bogota :</subfield>
    <subfield code="b">Alfaguara,</subfield>
    <subfield code="c">2016</subfield>
  </datafield>
  <datafield tag="300" ind1=" " ind2=" ">
    <subfield code="a">204 p. :</subfield>
    <subfield code="b">il.</subfield>
  </datafield>
  <datafield tag="490" ind1=" " ind2=" ">
    <subfield code="a">Alfaguara cl&#xE1;sicos</subfield>
  </datafield>
  <datafield tag="520" ind1=" " ind2=" ">
    <subfield code="a">Nuestro amigo el gigante no es un gigante rompe huesos cualquiera... Es demasiado amable y desordenado. Y eso es una suerte enorme para la peque&#xF1;a Sof&#xED;a, porque si cualquiera de los otros gigantes se la hubiera llevado en mitad de la noche, pronto se habr&#xED;a convertido en su desayuno. Cuando Sof&#xED;a oye que los gigantes se van a ir de una galopada a Inglaterra para devorar a unos cuantos mocosos muy apetitosos, &#xA1;ella y su amigo el gigante deciden detenerlos de una vez por todas!...tomado de la contracubierta del libro </subfield>
  </datafield>
  <datafield tag="650" ind1="1" ind2="4">
    <subfield code="a">Amistad</subfield>
    <subfield code="x">Cuentos juveniles</subfield>
    <subfield code="9">1130</subfield>
  </datafield>
  <datafield tag="650" ind1="1" ind2="4">
    <subfield code="a">Cuentos juveniles ingleses</subfield>
    <subfield code="9">1129</subfield>
  </datafield>
  <datafield tag="650" ind1="1" ind2="4">
    <subfield code="a">Literatura juvenil inglesa</subfield>
    <subfield code="9">1128</subfield>
  </datafield>
  <datafield tag="700" ind1="1" ind2=" ">
    <subfield code="a">Barbadillo, Pedro</subfield>
    <subfield code="9">1132</subfield>
  </datafield>
  <datafield tag="700" ind1="1" ind2=" ">
    <subfield code="a">Blake, Quentin </subfield>
    <subfield code="9">1131</subfield>
  </datafield>
  <datafield tag="942" ind1=" " ind2=" ">
    <subfield code="2">ddc</subfield>
    <subfield code="c">BK</subfield>
  </datafield>
  <datafield tag="999" ind1=" " ind2=" ">
    <subfield code="c">37363</subfield>
    <subfield code="d">37363</subfield>
  </datafield>
  <datafield tag="952" ind1=" " ind2=" ">
    <subfield code="0">0</subfield>
    <subfield code="1">0</subfield>
    <subfield code="2">ddc</subfield>
    <subfield code="4">0</subfield>
    <subfield code="7">0</subfield>
    <subfield code="8">003</subfield>
    <subfield code="a">MEVIECAR</subfield>
    <subfield code="b">MEVIECAR</subfield>
    <subfield code="d">2020-04-21</subfield>
    <subfield code="l">0</subfield>
    <subfield code="o">823 D13b</subfield>
    <subfield code="p">33410</subfield>
    <subfield code="r">2022-09-26 00:00:00</subfield>
    <subfield code="w">2020-04-21</subfield>
    <subfield code="y">BK</subfield>
  </datafield>
  <datafield tag="952" ind1=" " ind2=" ">
    <subfield code="0">0</subfield>
    <subfield code="1">0</subfield>
    <subfield code="2">ddc</subfield>
    <subfield code="4">0</subfield>
    <subfield code="7">0</subfield>
    <subfield code="8">003</subfield>
    <subfield code="a">MEVIECAR</subfield>
    <subfield code="b">MEVIECAR</subfield>
    <subfield code="d">2020-04-21</subfield>
    <subfield code="l">0</subfield>
    <subfield code="o">823 D13b</subfield>
    <subfield code="p">409</subfield>
    <subfield code="r">2022-09-15 00:00:00</subfield>
    <subfield code="w">2020-04-21</subfield>
    <subfield code="y">BK</subfield>
  </datafield>
</record>
